<?xml version="1.0" encoding="UTF-8"?>
<collection xmlns="http://www.loc.gov/MARC21/slim">
 <record>
  <leader>     na                 </leader>
  <controlfield tag="001">INLIS000000000009523</controlfield>
  <controlfield tag="005">20221108053545</controlfield>
  <datafield tag="035" ind1=" " ind2=" ">
   <subfield code="a">0010-0520009523</subfield>
  </datafield>
  <controlfield tag="008">221108                g          0 ind  </controlfield>
  <datafield tag="020" ind1=" " ind2=" ">
   <subfield code="a">9786021642450</subfield>
  </datafield>
  <datafield tag="041" ind1=" " ind2=" ">
   <subfield code="a">ind</subfield>
  </datafield>
  <datafield tag="082" ind1=" " ind2=" ">
   <subfield code="a">352.0598</subfield>
  </datafield>
  <datafield tag="084" ind1=" " ind2=" ">
   <subfield code="a">352.0598 NIM h</subfield>
  </datafield>
  <datafield tag="100" ind1="0" ind2=" ">
   <subfield code="a">Nimatul Huda</subfield>
  </datafield>
  <datafield tag="245" ind1="1" ind2=" ">
   <subfield code="a">Hukum Pemerintahan Desa :</subfield>
   <subfield code="b">Dalam Konstitusi Indonesia Sejak Kemerdekaan Hingga Era Reformasi /</subfield>
   <subfield code="c">Ni'matul Huda</subfield>
  </datafield>
  <datafield tag="250" ind1=" " ind2=" ">
   <subfield code="a">Cet. 1</subfield>
  </datafield>
  <datafield tag="260" ind1=" " ind2=" ">
   <subfield code="a">Malang :</subfield>
   <subfield code="b">Setara Press,</subfield>
   <subfield code="c">2015</subfield>
  </datafield>
  <datafield tag="300" ind1=" " ind2=" ">
   <subfield code="a">xviii, 286 hlm. ;</subfield>
   <subfield code="c">23 cm</subfield>
  </datafield>
  <datafield tag="504" ind1=" " ind2=" ">
   <subfield code="a">hlm. 279-283</subfield>
  </datafield>
  <datafield tag="520" ind1=" " ind2=" ">
   <subfield code="a">Buku ini disusun sebagai pelengkap dari sejumlah literatur yang mengkaji masalah pemerintahan daerah dan pemerintahan desa di Indonesia. Hadirnya buku ini diharapkan dapat menambah wacana dan perspektif kajian tersebut. Menimbang perjalanan sejarah pengaturan desa sejak proklamasi 17 Agustus hingga awal tahun 2014, yang mengalami pasang surut mengikuti arus perubahan dan dinamika politik, mengakibatkan eksistensi desa semakin hari semakin tergerus dan terpinggirkan. Setelah melalui perjalanan panjang akhirnya pada Januari 2014 lahirlah Undang-Undang Nomor 6 Tahun 2014 tentang Desa. Undang-undang ini mengakomodir esksistensi desa dan desa adat. Dalam suatu negara kesatuan perlu terdapat homogenita, tetapi Negara Kesatuan Republik Indonesia tetap memberikan pengakuan dan jaminan terhadap keberadaan kesatuan masyarakat hukum dan kesatuan masyarakat hukum adat beserta hak tradisionalnya. Undang-Undang ini menggabungkan fungsi self-governing community dengan local self government, sehingga diharapkan kesatuan masyarakat hukum adat yang selama ini merupakan bagian dari wilayah desa, ditata sedemikian rupa menjadi Desa dan Desa Adat. Pembahasan buku ini diuraikan dalam sembilan bab. 1) Pemerintahan desa dalam perdebatan konstitusi dan putusan Mahkamah Konstitusi; 2) Desa dan otonomi desa; 3) Kesatuan masyarakat hukum adat di Indonesia; 4) Pengakuan negara terhadap desa adat; 5) Pemerintahan desa pasca kemerdekaan hingga orde lama; 6) Desa di era pemerintahan orde baru; 7) Desa di era pemerintahan reformasi; 8) Dinamika desa dalam Undang-Undang Nomor 6 Tahun 2014 tentang desa dan 9) Peraturan desa dan pengujian peraturan desa.</subfield>
  </datafield>
  <datafield tag="650" ind1=" " ind2="4">
   <subfield code="a">Pemerintahan desa</subfield>
  </datafield>
  <datafield tag="990" ind1=" " ind2=" ">
   <subfield code="a">25418/MKRI-P/II-2017</subfield>
  </datafield>
  <datafield tag="990" ind1=" " ind2=" ">
   <subfield code="a">25419/MKRI-P/II-2017</subfield>
  </datafield>
  <datafield tag="990" ind1=" " ind2=" ">
   <subfield code="a">25420/MKRI-P/II-2017</subfield>
  </datafield>
  <datafield tag="990" ind1=" " ind2=" ">
   <subfield code="a">25417/MKRI-P/II-2017</subfield>
  </datafield>
  <datafield tag="990" ind1=" " ind2=" ">
   <subfield code="a">26621/MKRI-P/XII-2021</subfield>
  </datafield>
  <datafield tag="990" ind1=" " ind2=" ">
   <subfield code="a">26622/MKRI-P/XII-2021</subfield>
  </datafield>
  <datafield tag="990" ind1=" " ind2=" ">
   <subfield code="a">25417/MKRI-P/II-2017</subfield>
  </datafield>
  <datafield tag="990" ind1=" " ind2=" ">
   <subfield code="a">25418/MKRI-P/II-2017</subfield>
  </datafield>
  <datafield tag="990" ind1=" " ind2=" ">
   <subfield code="a">25419/MKRI-P/II-2017</subfield>
  </datafield>
  <datafield tag="990" ind1=" " ind2=" ">
   <subfield code="a">25420/MKRI-P/II-2017</subfield>
  </datafield>
  <datafield tag="990" ind1=" " ind2=" ">
   <subfield code="a">26621/MKRI-P/XII-2021</subfield>
  </datafield>
  <datafield tag="990" ind1=" " ind2=" ">
   <subfield code="a">26622/MKRI-P/XII-2021</subfield>
  </datafield>
  <datafield tag="990" ind1=" " ind2=" ">
   <subfield code="a">26621/MKRI-P/XII-2021</subfield>
  </datafield>
  <datafield tag="990" ind1=" " ind2=" ">
   <subfield code="a">25418/MKRI-P/II-2017</subfield>
  </datafield>
  <datafield tag="990" ind1=" " ind2=" ">
   <subfield code="a">25419/MKRI-P/II-2017</subfield>
  </datafield>
  <datafield tag="990" ind1=" " ind2=" ">
   <subfield code="a">25420/MKRI-P/II-2017</subfield>
  </datafield>
  <datafield tag="990" ind1=" " ind2=" ">
   <subfield code="a">25417/MKRI-P/II-2017</subfield>
  </datafield>
  <datafield tag="990" ind1=" " ind2=" ">
   <subfield code="a">26622/MKRI-P/XII-2021</subfield>
  </datafield>
  <datafield tag="990" ind1=" " ind2=" ">
   <subfield code="a">25419/MKRI-P/II-2017</subfield>
  </datafield>
  <datafield tag="990" ind1=" " ind2=" ">
   <subfield code="a">25418/MKRI-P/II-2017</subfield>
  </datafield>
  <datafield tag="990" ind1=" " ind2=" ">
   <subfield code="a">25420/MKRI-P/II-2017</subfield>
  </datafield>
  <datafield tag="990" ind1=" " ind2=" ">
   <subfield code="a">25417/MKRI-P/II-2017</subfield>
  </datafield>
  <datafield tag="990" ind1=" " ind2=" ">
   <subfield code="a">26621/MKRI-P/XII-2021</subfield>
  </datafield>
  <datafield tag="990" ind1=" " ind2=" ">
   <subfield code="a">26622/MKRI-P/XII-2021</subfield>
  </datafield>
  <datafield tag="990" ind1=" " ind2=" ">
   <subfield code="a">25420/MKRI-P/II-2017</subfield>
  </datafield>
  <datafield tag="990" ind1=" " ind2=" ">
   <subfield code="a">25418/MKRI-P/II-2017</subfield>
  </datafield>
  <datafield tag="990" ind1=" " ind2=" ">
   <subfield code="a">25419/MKRI-P/II-2017</subfield>
  </datafield>
  <datafield tag="990" ind1=" " ind2=" ">
   <subfield code="a">25417/MKRI-P/II-2017</subfield>
  </datafield>
  <datafield tag="990" ind1=" " ind2=" ">
   <subfield code="a">26621/MKRI-P/XII-2021</subfield>
  </datafield>
  <datafield tag="990" ind1=" " ind2=" ">
   <subfield code="a">26622/MKRI-P/XII-2021</subfield>
  </datafield>
  <datafield tag="990" ind1=" " ind2=" ">
   <subfield code="a">25418/MKRI-P/II-2017</subfield>
  </datafield>
  <datafield tag="990" ind1=" " ind2=" ">
   <subfield code="a">25419/MKRI-P/II-2017</subfield>
  </datafield>
  <datafield tag="990" ind1=" " ind2=" ">
   <subfield code="a">25420/MKRI-P/II-2017</subfield>
  </datafield>
  <datafield tag="990" ind1=" " ind2=" ">
   <subfield code="a">25417/MKRI-P/II-2017</subfield>
  </datafield>
  <datafield tag="990" ind1=" " ind2=" ">
   <subfield code="a">26621/MKRI-P/XII-2021</subfield>
  </datafield>
  <datafield tag="990" ind1=" " ind2=" ">
   <subfield code="a">26622/MKRI-P/XII-2021</subfield>
  </datafield>
  <datafield tag="990" ind1=" " ind2=" ">
   <subfield code="a">26622/MKRI-P/XII-2021</subfield>
  </datafield>
  <datafield tag="990" ind1=" " ind2=" ">
   <subfield code="a">25418/MKRI-P/II-2017</subfield>
  </datafield>
  <datafield tag="990" ind1=" " ind2=" ">
   <subfield code="a">25419/MKRI-P/II-2017</subfield>
  </datafield>
  <datafield tag="990" ind1=" " ind2=" ">
   <subfield code="a">25420/MKRI-P/II-2017</subfield>
  </datafield>
  <datafield tag="990" ind1=" " ind2=" ">
   <subfield code="a">25417/MKRI-P/II-2017</subfield>
  </datafield>
  <datafield tag="990" ind1=" " ind2=" ">
   <subfield code="a">26621/MKRI-P/XII-2021</subfield>
  </datafield>
 </record>
</collection>
